01226cam a2200313 a 450000100090000000300040000900500170001300800410003001000170007102000150008803500220010303700670012504000180019204200100021004300120022005000240023208200180025624501630027424600200043724600220045726000550047930000250053450001750055965000450073465000260077965000380080570000390084371000300088212661339OSt20231103110444.0020102s2001 my 000 0 eng  a 2001398480 a983954117X a(DLC) 2001398480 bLibrary of Congress -- Jakarta Overseas OfficecM[dollar]18.00 aDLCcDLCdDLC alcode aa-pk---00aKPL903.5b.T49 2001 a340.59bUSM/T04aThe text of the historic judgement on riba (interest) /cgiven by the Supreme Court of Pakistan, 23rd December 1999 ; section written by Muhammad Taqi Usmani.30aRiba (interest)18aJudgement on riba aPetaling Jaya, Malaysia :bThe Other Press,c2001. avi, 154 p. ;c23 cm. a"The Shariah appellate bench consisted of Mr. Justice Khalil-ur-Rahman, Mr. Justice Munir A. Shaikh, Mr. Justice Wajeehuddin Ahmad, Maulana Justice Muhammad Taqi Usmani." 0aInterestxLaw and legislationzPakistan. 0aUsury lawszPakistan. 0aInterest (Islamic law)zPakistan.1 aʻUs̲mānī, Muḥammad Taqī.1 aPakistan.bSupreme Court.